000 00537nam a2200169Ia 4500
008 140529s9999 xx 000 0 und d
020 _a9780823007141
050 _aNC 1764
_b.H377 2013
100 _aHart, Christopher.
245 _aModern cartooning :
_bessential techniques for drawing today’s popular cartoons /
_cChristopher Hart
260 _aNew York :
_bWatson-Guptill Publications,
_cc2013.
300 _a160 p. :
_bcol. ill. ;
_c28 cm.
500 _aIncludes index.
521 _aMA
942 _kFOR
_cBK
999 _c117861
_d117861